| 000 | 00881aam a2200325 4500 | ||
|---|---|---|---|
| 005 | 20250819185146.0 | ||
| 008 | 150604b2011 xxu||||| |||| 00| 0 spa d | ||
| 020 | _a9789968561327 | ||
| 041 | _aESP | ||
| 082 | _a345.05 U75a | ||
| 100 |
_aUreña Salazar, José Joaquín _922774 |
||
| 245 | _aApelación y oralidad | ||
| 260 | _aCosta Rica | ||
| 260 | _bEditorial Jurídica Continental | ||
| 260 | _c2011 | ||
| 300 | _a300 páginas | ||
| 490 | _aInvestigación Criminal | ||
| 650 | _aAPELACIÓN | ||
| 650 | _aCOSTA RICA | ||
| 650 | _aPRECEDIMIENTO PENAL | ||
| 650 | _aPACTO INTERNACIONAL DE DERECHOS CIVILES | ||
| 650 | _aCONVENCIÓN AMERICANA DE DERECHOS HUMANOS | ||
| 650 | _aCASACIÓN PENAL | ||
| 650 | _aRECURSO DE APELACIÓN | ||
| 650 | _aORALIDAD | ||
| 650 | _aPROCESO CIVIL | ||
| 650 | _aFALLO | ||
| 650 | _aDERECHO AL RECURSO | ||
| 942 |
_cBK _2ddc |
||
| 999 |
_c2599 _d2599 |
||